| 000 | 00752nam a2200169 i 4500 | ||
|---|---|---|---|
| 001 | 132438 | ||
| 003 | ES-MaACL | ||
| 005 | 20230906194158.0 | ||
| 007 | t| | ||
| 008 | 070214s1908 sp r ||||1| spa d | ||
| 100 | 1 |
_aRomero González, Fernando. _999397 |
|
| 245 | 1 | 0 |
_aMemoria acerca del estado del Instituto General y Técnico de Navarra durante el curso académico de 1906 a 1907 _b: leida el día 1º de octubre de este último año en la solemne apertura del curso de 1907 a 1908 / _cpor Fernando Romero González. |
| 260 |
_aPamplona : _b[s. n.], _c1908 ( _fImp. Provincial) |
||
| 610 | 2 | 4 |
_aInstituto General y Técnico de Navarra- _vMemorias. _9159286 |
| 710 | 2 |
_aInstituto General y Técnico de Navarra. _95067 |
|
| 852 |
_aES-MaACL _jT-1156-F-4 |
||
| 999 |
_c132438 _d132438 |
||